| 000 | 00742nam a2200229 i 4500 | ||
|---|---|---|---|
| 001 | 107927 | ||
| 003 | ES-MaACL | ||
| 005 | 20251003200432.0 | ||
| 007 | t| | ||
| 008 | 061219s1969 sp ||||1| spa d | ||
| 080 | _a86-211"19" | ||
| 100 | 1 |
_aArniches, Carlos. _923094 |
|
| 245 | 1 | 3 |
_aLa señorita de Trevélez ; Es mi hombre / _cCarlos Arniches; prólogo de Enrique Llobet. |
| 260 |
_aMadrid : _bSalvat, _c1969. |
||
| 300 |
_a190 p. ; _c19 cm. |
||
| 490 | 1 |
_aBiblioteca básica Salvat de Libros RTV ; _v21 |
|
| 700 | 1 |
_aLlovet, Enrique, _d1917-2010 _972941 |
|
| 740 | 0 | _aEs mi hombre. | |
| 830 | 0 | 0 |
_aBiblioteca básica Salvat de libros RTV _v21 _9185398 |
| 852 |
_aES-MaACL _jE-2942 _bR.69765 |
||
| 999 |
_c107927 _d107927 |
||